000 00284nam a2200133Ia 4500
100 _aJackson/David
942 _cBK
654 _acell
245 _aCell system of production
260 _bBusiness Books
_aLondon
_c1978
082 _a658.5
_bJAC
300 _a169
546 _aENGLISH
999 _c25997
_d25997